Science Quiz

Random Science Quiz

APP1 Quiz Stats

 Plays Quiz not verified by Sporcle

Also try: Reptiles
Challenge
Share
Tweet
Embed
Score 0/176 Timer 20:00
0 Plays Today
Question Réponse % Correct
Pour combien de degré(s) de mouvement glénohuméral a-t-on 1 degré de scapulothoracique?2
85.7%
Le processus coracoïde donne origine à la tête courte du muscleBiceps
85.7%
V ou F: L'épaule est la 2ème articulation avec la plus grande amplitude de mouvement.F
57.1%
La scapula s'étend de la ?ème2
57.1%
et au muscleCoracobrachial
57.1%
à la ?ème côte7
42.9%
V ou F: La clavicule : son extrémité médiale est convexe antérieurement et son extrémité latérale est concave antérieurement.V
42.9%
La clavicule est composée d'osSpongieux
42.9%
La clavicule s'articule latéralement avecL'acromion
42.9%
La clavicule transmet les impacts traumatiques du membre supérieur au squeletteAxial
42.9%
V ou F: La clavicule est le 1er os long à s'ossifier et le dernier à être ossifié complètement.V
42.9%
Lequel des 2 cols de l'humérus est le plus proximal?Anatomique
42.9%
Le sillon intertuberculaire sépare les 2 tubercules et et fournit un passage au tendon du chef long du muscleBiceps
42.9%
La fosse olécrânienne héberge l'olécrâne de l'ulna lors de quel mouvement du coude?Extension
42.9%
La fosse radiale reçoit le bord de la tête radiale lors de quel mouvement du coude?Flexion
42.9%
Lorsque les 3 parties du deltoïde sont contractées en même temps, le bras est porté enAbduction
42.9%
Tous les muscles de la coiffe des rotateurs sont rotateurs de l'humérus sauf 1, lequel?Supra-épineux
42.9%
Pour tester la force des muscles petit rond et infra-épineux, on évalue le mouvement suivant:Rotation externe
42.9%
Pour tester la force du muscle subscapulaire, on évalue le mouvement suivant:Rotation interne
42.9%
Le syndrome de la coiffe des rotateurs affecte généralement des gens de plus de ? ans40
42.9%
Facteurs extrinsèques du syndrome de la coiffe des rotateurs: acromion en forme deCrochet
42.9%
Facteurs extrinsèques du syndrome de la coiffe des rotateurs: tendon ? dégénératif qui bouge sous l'acromion lors de l'abduction du bras.Supra-épineux
42.9%
Des dépôts de ? dans le tendon peuvent causer le syndrome de la coiffe des rotateursCalcium
42.9%
Sx du syndrome de la coiffe des rotateurs: Douleur sourde et persistante du côté ? de l'épauleLatéral
42.9%
Examen pour le syndrome de la coiffe des rotateurs: ce test, s'il est positif, démontre une douleur entre 60 et 120 degrés d'abduction du bras.Arc douloureux
42.9%
La jointure du processus coracoïde fournit le site d'insertion inférieur du ligamentCoracoclaviculaire
28.6%
La clavicule se fracture le plus souvent à l'union du tiers moyen avec le tiersLatéral
28.6%
Sur la diaphyse humérale, on retrouve la tubérositéDeltoïdienne
28.6%
et le sillon du nerfRadial
28.6%
Nom de l'épicondyle médialeÉpitrochlée
28.6%
Pour initier le mouvement, le deltoïde est assisté du muscleSupra-épineux
28.6%
L'artère sous-clavière passe sous la clavicule et continue comme artèreAxillaire
28.6%
L'espace quadrangulaire, bordé par le chef long du triceps, le col chirurgical de l'humérus, le bord inférieur de la scapula et le muscle grand rond, contient le nerfAxillaire
28.6%
Facteurs extrinsèques du syndrome de la coiffe des rotateurs: ligament coracoacromial plusÉpais
28.6%
V ou F: la plupart des patients atteints du syndrome de la coiffe des rotateurs sont traités non-chirurgicalement.V
28.6%
La capsulite adhésive est un trouble à prédominance féminine ou masculine?Féminine
28.6%
V ou F: La capsulite adhésive se rencontre surtout dans l'épaule dominanteF
28.6%
La capsulite adhésive est associée à 2 pathologies, nommez-en une.Diabète et hypothyroïdie
28.6%
V ou F: La capsulite adhésive affecte surtout les mouvements au-dessus de la tête et de rotation interne.V
28.6%
V ou F: La capsulite adhésive cause une perte progressive des mouvements actifs ET passifs.V
28.6%
Habituellement, les RX sont normales ou anormales?Normales
28.6%
L'épine et l'acromion servent de ? pour les muscles qui s'y attachent.Levier
14.3%
Quel ligament stabilise la tête humérale supérieurement?Coracoacromial
14.3%
entouré par une couche corticale d'osCompact
14.3%
Comment se nomme la partie médiale du ligament coracoclaviculaire?Conoïde
14.3%
Et sa partie latérale?Trapézoïde
14.3%
et un os, lequel?Scapula
14.3%
La tête humérale est en rétroversion de combien de degrés?30
14.3%
Le labrum glénoïde est un 'rim' de tissuFibrocartilagineux
14.3%
La tête de l'humérus s'articule avec laCavité glénoïde de la scapula
14.3%
Site habituel de fractures de l'humérusCol chirurgical
14.3%
qui se terminent elles-mêmes distalement par lesÉpicondyles
14.3%
Nom de l'épidondyle latéraleÉpicondyle
14.3%
Quel muscle soulève un relief ovale sur le 1/3 inféro-latéral de la scapula lorsque le membre est en adduction contre résistance?Grand rond
14.3%
Des anastomoses des branches de quelle artère fournissent une circulation collatérale importante aux membres supérieurs?Axillaire
14.3%
L'intervalle triangulaire, bordé par le muscle grand rond, le chef latéral du triceps et le chef long du triceps, contient le nerfRadial
14.3%
Une atrophie du muscle trapèze suggère une lésion du nerfXI
14.3%
ou Lombaire
14.3%
Facteurs extrinsèques du syndrome de la coiffe des rotateurs: Bourse subacromialeInflammée
14.3%
Question Réponse % Correct
Examen pour le syndrome de la coiffe des rotateurs: test deJobe
14.3%
Tx si les sx sont sévères: injection de corticostéroïdes dans laBourse subacromiale
14.3%
Principale cause de la capsulite adhésiveImmobilisation
14.3%
V ou F: Épaule en dépression et adduction, coup direct dans la direction opposé; le tronc inférieur du plexus brachial est étiré ou lésé.F
14.3%
V ou F: Bras en abduction forcée: le tronc inférieur est étiré ou lésé.V
14.3%
V ou F: Le plexus brachial entier peut être paralysé par un trauma majeur causant une traction extrême. V
14.3%
Une lésion pré-ganglionnaire est habituellement associée à une lésion du tronc ? du plexus brachial.Inférieur
14.3%
V ou F: Les lésions du tronc supérieur du plexus brachial sont associées à de meilleurs pronostics que celles du tronc inférieur.V
14.3%
Quelle type de douleur entraîne la lésion ou syndrome de compression nerveuse?Sourde
14.3%
Sx de faiblesse des fléchisseurs du coude et hypoesthésie de l'avant-bras latéral. Quel nerf est comprimé à l'intérieur du muscle coraco-brachial?Musculo-cutané
14.3%
Quelle luxation de l'articulation SH est la plus commune (98%)?Antérieure
14.3%
Luxation antérieure ou postérieure? Rotation interne + adductionPostérieure
14.3%
Luxation antérieure ou postérieure? Abduction + extension + rotation externeAntérieure
14.3%
Une luxation antérieure amène l'humérus vers leBas
14.3%
Luxation antérieure : douleur soudaine ou progressive?Soudaine
14.3%
V ou F: La manifestation clinique classique de la luxation antérieure est le patient qui soutient son épaule de la main opposée.V
14.3%
2 nerfs les plus souvent affectés si lésion nerveuse associée à luxation antérieure.Axillaire
14.3%
2 nerfs les plus souvent affectés si lésion nerveuse associée à luxation antérieure.Musculo-cutané
14.3%
V ou F: Après une réduction, on demande des radiographies axillaire et AP.F
14.3%
Nommez la lésion: Défaut de la tête humérale postérieure résultant de l'impact de la tête de l'humérus sur le contour antérieur de la fosse glénoïde.Hill-Sachs
14.3%
Nommez la lésion: Avulsion du labrum antéro-inférieur.Bankart
14.3%
On réduit l'articulation le plus tôt possible, sans force, pour éviter la ? musculaire.Contraction
14.3%
On injecte un anesthésique intra-articulaire/analgésique IV/myorelaxant pour réduire les ? musculaire.Spasmes
14.3%
Manœuvre la plus utilisé pour réduire une articulation SH.Manoeuvre de Stimson
14.3%
V ou F: Après une réduction, on demande des radiographies axillaire et AP.V
14.3%
V ou F: La position abduction-rotation externe est évitée pendant 6 semaines.V
14.3%
On débute les exercices de ? après que le patient ait regagné une amplitude totale de mouvements sans appréhension.Renforcement
14.3%
Risque de la réduction: atteinte ?Vasculaire
14.3%
V ou F: Le traitement chirurgical est souvent nécessaire pour les luxations aiguës.F
14.3%
Instabilité chronique avec luxations récurrentes. Plus souvent chez les femmes ou les hommes?Femmes
14.3%
Type de luxation survenant après des convulsions ou choc électrique.Postérieure
14.3%
Instabilité chronique de l'épaule antérieure: Cause ? -> instabilité unidirectionnelle et lésion Bankart, tx par chx.Traumatique
14.3%
Séparation de l'épaule = luxation de l'articulationAcromio-claviculaire
14.3%
Luxation de l'articulation AC: On note une proéminence de quel os?Clavicule
14.3%
On traite toujours chirurgicalement à partir du grade ?IV
14.3%
Luxation de l'articulation SC : le plus souvent dislocation antérieure ou postérieure?Antérieure
14.3%
V ou F: Cause de luxation SC : force indirecte sur l'aspect latérale de l'épaule.V
14.3%
V ou F: La plupart des luxations SC chroniques deviennent asymptomatiques.V
14.3%
Sx de dyspnée, dysphagie et signes de congestion veineuse suggèrent une dislocation ? de la clavicule.Postérieure
14.3%
Rupture tendineuse la plus fréquente : aspect proximal duChef long du biceps
14.3%
V ou F: Présentation: 'popping sound' sans douleur.F
14.3%
Articulation stabilisatrice de la flexion et de l'extension de l'avant-bras secondaire.Radiohumérale
14.3%
Plus long os de l'avant-bras:Ulna
14.3%
V ou F: L'ulna et le radius participent à l'articulation du poignet.F
14.3%
V ou F: Le processus styloïde du radius est plus volumineux que celui de l'ulna.V
14.3%
Combien y a-t-il de couches de muscles palmaires dans l'avant-bras antérieur?3
14.3%
Combien y a-t-il de couches de muscles postérieurs à l'avant-bras?2
14.3%
Artère principale du coude et du brasBrachiale
14.3%
Combien y a-t-il de bourses périarticulaires au coude?4
14.3%
Tendinose du court extenseur radial du carpeÉpicondylite latérale
14.3%
Tendinose flexor-pronatorÉpicondylite médiale
14.3%
Ddx : compression du nerfUlnaire
14.3%
Ddx : compression du nerfRadial
14.3%
Ddx : instabilité ? du coudeLatérale
14.3%
Ddx : Instabilité ? du coudeMédiale
14.3%
et médialement avecLe manubrium sternal
0%
La clavicule forme l'une des limites osseuses du canalCervico-axillaire
0%
La clavicule sert de support rigide horizontal auquel sont suspendues la partie ? du membreLibre
0%
qui augmente l'aire de la surface de la Fosse glénoïde
0%
Question Réponse % Correct
et la ? de l'épauleStabilité
0%
Le tubercule ? est sur le pourtour latéral de l'humérus.Majeur
0%
Le tubercule ? fait protusion vers l'avant.Mineur
0%
L'extrémité inférieure de l'humérus s'élargit et forme les crêtesSupra-épicondylaires
0%
Quelle surface articulaire du condyle de l'humérus s'articule avec le radius?Capitulum
0%
Quelle surface articulaire du condyle de l'humérus s'articule avec l'ulna?Trochlée
0%
Les tendons des muscles de la coiffent adhèrent à la capsule et renforcent quelle articulation?Scapulo-humérale
0%
Principal apport sanguin à la tête de l'humérus:Artère circonflexe humérale antérieure
0%
et l'artèreCirconflexe humérale antérieure
0%
et l'artèreBrachiale profonde
0%
Dans le cas d'une capsulite ou d'une arthrite, la rotation interne (évaluée par le pouce en extension dans le dos) peut être limitée à la régionSacrale
0%
Douleur empirée par des activités deSurcharge
0%
Si les sx continuent et dysfonction: ? de l'arche subacromialeDécompression
0%
Capsulite adhésive: synovium enflé avec infiltrations ? périvasculairesLymphocytaires
0%
Avec la capsulite adhésive, faire attention de ne pas faire un mauvais dx de ? qui pourrait entrainer le mauvais tx.Atteinte de la coiffe des rotateurs
0%
Tx de la CA: injection de corticostéroïdes dans l'articulationGlénohumérale
0%
Capsulite rétractive: difficulté à porter le bras enAbduction
0%
Capsulite rétractive: à la suite de l'absence de mouvement dans l'articulation scapulohumérale, la contrainte est placée sur l'articulation ? qui peut être douloureuse au courAcromioclaviculaire
0%
Comment s'appelle une blessure temporaire d'étirement du tronc supérieur du plexus brachial?Stinger
0%
Une chute de haute vélocité ou accident d'automobile peut causer une ? du plexus brachial.Avulsion
0%
Une compression nerveuse au niveau du noeud scapulaire supérieur affecte 2 muscles. Nommez-en 1.Supra et infra-scapulaires
0%
Une compression nerveuse au niveau du noeud spino-glénoïde affecte un muscle. Lequel?Infra-épineux
0%
La lésion soit du nerf long thoracique ou du nerf nerf spinal peut entraîner un Décollement de l'omoplate
0%
Une neuropathie du nerf long thoracique peut causer une paralysie du muscleDentelé antérieur
0%
V ou F: Cette neuropathie se résout fréquemment de façon spontanée.V
0%
Une neuropathie du nerf spinal peur résulter en une paralysie du muscleTrapèze
0%
Nommez le syndrome. Implique une compression du plexus brachial, des vaisseaux des membres supérieurs ou des 2 lors de leur passage à travers le muscle scalène et à 1ère côteSyndrome du défilé thoracique
0%
Quel muscle s'atrophie lorsque le nerf axillaire est sévèrement endommagé?Deltoïde
0%
En plus, une perte de sensibilité peut exister à la face ? de la partie proximale du bras.Latérale
0%
Nommez les racines du nerf axillaire (en ordre, 1ère)C5
0%
2ème racineC6
0%
1ère racine du plexus brachialC5
0%
Dernière racine du plexus brachialT1
0%
Combien le plexus brachial compte-t-il de troncs?3
0%
Combien le plexus brachial compte-t-il de cordes?3
0%
Racines du nerf pectoral latéral (séparez chacune par une virgule)C5, C6, C7
0%
Racines du nerf musculocutané (séparez chacune par une virgule)C5, C6, C7
0%
Racines du nerf ulnaire (séparez chacune par une virgule)C7, C8, T1
0%
Racines du nerf radial (séparez chacune par une virgule)C5, C6, C7, C8, T1
0%
Racines du nerf axillaire (séparez chacune par une virgule)C5, C6
0%
Racines du nerf médian (séparez chacune par une virgule)C5, C6, C7, C8, T1
0%
Nommez la pathologie. L'inflammation et la calcification de la bourse subacromiale entraînent de la douleur et limitation des mouvements au niveau de l'articulation SH.Bursite scapulo-humérale calcifiée
0%
Le dépôt de calcium dans le tendon du ? cause une augmentation de la pression locale et une douleur vive au cours de l'abduction du bras qui peut irradier jusque dans la main.Supra-épineux
0%
Le calcium déposé peut irriter la bourse subacromiale et entraîner une réaction inflammatoire connue sous le nom deBursite subacromiale
0%
La tendinopathie calcifiante du muscle supra-épineux survient habituellement chez les hommes de plus de ? ans50
0%
On met une écharpe et on commence des exercices de ? après 1 semaine.Circumduction
0%
Puis, après 3 semaines on commence les exercices d'Amplitudes de mouvements
0%
ou ?Nerveuse
0%
Instabilité chronique de l'épaule antérieure: Cause ? -> Instabilité multidirectionnelle et bilatérale, tx habituel par réhabilitation.Atraumatique
0%
La rare luxation de l'articulation sterno-claviculaire survient surtout chez des gens de moins de ? ans25
0%
Rupture tendineuse surtout à la jonctionMusculo-tendineuse
0%
Principale articulation stabilisatrice de la flexion et de l'extension de l'avant-bras.Ulnohumérale
0%
Olécrâne projette en directionProximale
0%
Articulations responsables de la rotation de l'avant-bras.Radio-ulnaires proximale et distale
0%
Processus coronoïde projette en directionAntérieure
0%
Permet la transmission des forces reçues par le radius via le poignet à l'ulna pour l'humérus.Membrane interosseuse de l'avant-bras
0%
À la palpation du coude, entre l'épicondyle latérale, la tête radiale et l'olécrâne, on peut détecter uneEffusion articulaire
0%
Lésion non visible sur RX, sensible à la palpation de la tête radiale ou des condyles de l'humérusFracture occulte
0%

You're not logged in!

Compare scores with friends on all Sporcle quizzes.
Join for Free
OR
Log In

You Might Also Like...

Show Comments

Extras

Created May 31, 2011ReportNominate
Tags:detail, response

Top Quizzes Today


Score Distribution

Your Account Isn't Verified!

In order to create a playlist on Sporcle, you need to verify the email address you used during registration. Go to your Sporcle Settings to finish the process.

Report this User

Report this user for behavior that violates our Community Guidelines.

Details: